Disney - Charakter mit "V" - Statistiken

Allgemein
  • Dieses Quiz wurde 53 mal gespielt
  • Das Durchschnittsergebnis liegt bei 2 aus 8
Antwortstatistiken
Film/ Serie Name % Korrekt
Vaiana Vaiana
90%
Ralph reicht's Vanellope von Schweetz
36%
Arielle Vanessa
24%
Die Schöne & das Biest von Unruh
17%
Disney's Große Pause Vince LaSalle
14%
Tinkerbell Vidia
5%
Spiderman Vulture
2%
Raya & der letzte Drache Virana
0%
Keine übereinstimmenden Quizze gefunden
Verteilung der Resultate
Anzahl Personen mit jedem Resultat
Perzentil nach korrekt beantworteten Fragen
Ihre Resultats-Entwicklung
Sie haben dieses Quiz noch nicht gespielt